000 00738nam a2200205Ia 4500
003 GCL
008 140319s9999 xx 000 0 ara d
040 _aGCL /
_cGCL
082 0 4 _a150.1952
_bف ى
100 1 _aفرويد ، سيجموند
245 1 0 _aاليهودية فى ضوء التحليل النفسى : موسى والتوحيد (هدية من الاديب عبدالفتاح الجمل) /
_cفرويد ، سيجموند
700 1 _aعبدالمنعم الحفنى
700 1 _aمحمد الدمياطى
300 _a263 ص
490 _aالهيئة العامة للاستعلامات
_v0
650 0 4 _aاليهودية
650 0 4 _aعلم النفس
650 0 4 _aالتحليل النفسى
942 _2ddc
_cBK
999 _c47176
_d47176